Statistics for Some Sabaton songs by Lyrics

Click here to take the quiz!

General Stats

  • This quiz has been taken 70 times
  • The average score is 26 of 50

Answer Stats

HintAnswer% Correct
That's when the dead men are marching again.Attack of the Dead Men
83%
With overwhelming firepower their fueled by the
fear in their enemies eyes.
Stormtroopers
83%
Two thousand men and fifty thousands tons of steel set a
course for the Atlantic with the allies on the heel.
Bismarck
79%
From the depths of hell in silence cast their spells explosive
violence Russian nighttime flight perfected flawless vision
undetected.
Night Witches
76%
Through the gates of hell as we make our way to heaven
through the Nazi lines!
Primo Victoria
76%
Higher the king of the sky he's flying to fast and he's flying
high higher an eye for an eye the legend will never die.
Red Baron
76%
White Friday i'll take the stairway to heaven.Soldier of Heaven
76%
It was 1527 gave their lives on the steps to heaven thy will
be done!
The Last Stand
76%
They are the Panzer elite born to compete never retreat!Ghost Division
74%
Imperial force defied facing 500 samurai surrounded and
outnumbered 60 to 1 sword face a gun.
Shiroyama
74%
The last piece of Belguims free were keeping a sliver.Race to the Sea
71%
Hear carols from the trenches we sing O holy night our guns laid
to rest among the snowflakes.
Christmas Truce
67%
In the draft of 1917 a man from Tennessee overseas to the
trenches he went from the land of the free.
82nd all the way
64%
Into the motherland the German Army marched!Panzerkampf
64%
We take up arms and fight fight hard resist and do whats
right!
Resist and bite
64%
He saw crosses grow on Anzio where no soldiers sleep and where
hell six feet deep.
To Hell and Back
64%
a long ago in eastern Prussia young men with great
ambitions rise.
Father
62%
Fields of execution turn to wasteland from the grass
though shall go no farther it was said they shall not pass.
Fields of Verdun
62%
I was chosen by heaven say my name when you pray to the skies!Carolus Rex
60%
Light up the night when cannons roar in fear of nothing they
lead the navy into war!
Dreadnought
60%
All the streetlights in the city broken many years ago breaking
curfew hide in sewers Warsaw its time to rise now!
Uprising
57%
As the days are passing by and the as the dead are piling high
No escape and no salvation trenches to explosive halls are buried
deep beneath the walls plant the charges there and watch the city
fear.
Winged Hussars
57%
Lead ahead as the captain said and show them no remorse
who am I to understand what have i become?
Great War
55%
Its the end of the line of the final journey enemies leaving the past
and its American troops and the German army joining together at
last.
The Last Battle
55%
Thousands of feet march to the beat its an army on the
march long way from home paying the price in young mens
lives!
The Price of a Mile
55%
Kill fight die thats what a soldier should do top of their game
earning their name they were the
Devil Dogs
52%
From the south to the front to no mans land from
the farm to end of the road son of France he's the
first on the frontline.
The First soldier
52%
Far from their land as they made their stand a disregarded
demand surrender or die and the stakes are high.
The Lost Battalion
50%
Just another man and rifle a marksman and a scout revealed
making his way from trench to trench alone moving undetected.
A ghost in the Trenches
48%
Orders from the Iron Maiden, get the islands back!Back in Control
48%
Over one hundred years ago since we first rode into fire
the rulers of the battlefield rolling over trench and wire.
Steel commanders
48%
Fly fighting fair its the code of the air bloodthirst heroes foes!No bullets Fly
45%
At arms just like before soldiers civilians hellas at war!Coat of Arms
43%
Crack of the lighting splitting the ground thunder is sounding
artillery pounding wrath of the Nazis cast on Bastogne facing
their forces alone!
Screaming Eagles
43%
Leading the charge into hostile barrage by design he was
made for the front line!
Unkillable soldier
40%
Join the Scottish revolution freedom must be won by blood
now we call for revolution play the pipes and cry out loud.
Blood of Bannockburn
38%
Who shall be remembered in the ancient house of war all those
medals all those stories in the alley of the greats.
Lady of the Dark
38%
Once in the air the battle begins they have proven their worth now
they fly for Revenge!
Aces in Exile
36%
It's the end the war has been lost keeping them safe till
the rivers been crossed.
Hearts of Iron
36%
Stand and follow command our blood for the homeland
heed the motherlands call and brace for the storm!
Defense of Moscow
33%
Hear the toll of the bell kept fighting for six months in hell.Hell fighters
33%
A hostile spear a new frontier the end is near theirs no surrender
the lines must hold their story told
Rorke's Drift
33%
Their attack is coming fight them back Bulgarians holding
the line facing wave after wave will never surrender.
The Valley of Death
29%
Pulled into war to serve a vision that just didn't last a
thousand years part of a machine though as stoppable as
merciless as tidal waves.
Wehrmacht
29%
You have to hold your ground kill the warrior in your sights death
is waiting on the hill no surrender shoot to kill!
Hill 3234
26%
Thousands of tons of armor and guns making its way
through the sand.
Panzer battalion
24%
A desolate Wasteland and infernal depiction of hell a birth of a
new age September 15th 1916.
The future of Warfare
24%
Rise nations pride hold whats yours strike them where
it hurts.
Talvisota
21%
There's no crime if you do not get caught I am the lawWe Burn
17%
Feel the white light, the light within Yeah, it burns a fire that drives
a man to win for all of us waiting
Kingdom Come
7%

Score Distribution

Percentile by Number Answered

Percent of People with Each Score

Your Score History

You have not taken this quiz